Die Top 16 der PDC Order of Merit 2015 - Statistiken

Allgemein
  • Dieses Quiz wurde 35 mal gespielt
  • Das Durchschnittsergebnis liegt bei 12 aus 16
Antwortstatistiken
Weltranglistenplatz Land Dartsspieler % Korrekt
1 Niederlande Michael van Gerwen
96%
2 Schottland Gary Anderson
92%
4 Schottland Peter Wright
92%
3 England Phil Taylor
92%
10 Australien Simon Whitlock
92%
16 Niederlande Raymond van Barneveld
88%
5 England Adrian Lewis
76%
7 England James Wade
76%
12 Belgien Kim Huybrechts
76%
6 Schottland Robert Thornton
76%
13 England Dave Chisnall
72%
9 England Ian White
72%
8 England Michael Smith
64%
14 England Mervyn King
48%
15 Niederlande Vincent van der Voort
48%
11 England Terry Jenkins
28%
Keine übereinstimmenden Quizze gefunden
Verteilung der Resultate
Anzahl Personen mit jedem Resultat
Perzentil nach korrekt beantworteten Fragen
Ihre Resultats-Entwicklung
Sie haben dieses Quiz noch nicht gespielt